| 000 | 00537nam a22001697a 4500 | ||
|---|---|---|---|
| 003 | BD-ChCU | ||
| 005 | 20260405092943.0 | ||
| 008 | 260405b bg ||||| |||| 00| 0 ben d | ||
| 040 | _cBD-ChCU | ||
| 082 | _a370.7 THI | ||
| 100 |
_aGuy Montrose Whipple. _921097 |
||
| 245 |
_aThe Thirty-Fourth Yearbook of the national society for the study of education : _beducational diagnosis ./ _cWhipple Montrose Guy . |
||
| 260 |
_aBloomington : _bP.S. Pub. _cC 1935 |
||
| 300 | _ax , 563p. | ||
| 650 | 0 |
_aEducation . _921099 |
|
| 942 |
_2ddc _cBK _n0 |
||
| 999 |
_c112023 _d112023 |
||